000 00395nam a2200157Ia 4500
003 OSt
005 20230606111150.0
008 211028s2010 xx 000 0 und d
040 _cAIMIT LIBRARY
041 _aeng
100 _aShruthi; Santhosh, B.
_98248
_e081920
110 _aSanthosh B
_98249
245 _aWeb based purchase requisition.
260 _aMangalore
_c2010
942 _2ddc
_cPRO
999 _c219793
_d219793